Steve Who? Quiz Stats

 Plays Quiz Updated Jun 16, 2019

Score 0/15 Timer 05:00
2 Plays Today
% Correct
Steve Carell
93.4%
Steve McQueen
87.1%
Steve Martin
84.1%
Steve Buscemi
81.2%
Steven Seagal
80.3%
Steve
Guttenberg
76.1%
Stephen Amell
71.1%
Stephen
Tobolowsky
70.3%
% Correct
Steve Coogan
67.9%
Steve Austin
65%
Stephen Baldwin
63.7%
Steve Zahn
61.9%
Steve Harris
61.1%
Stephen Lang
58.3%
Stephen Root
58.1%

You're not logged in!

Compare scores with friends on all Sporcle quizzes.
OR
Log In

Sporcle TV

Today on Sporcle TV


Watch our educational content, quiz creation guides, and fun videos on Sporcle TV.

Show Comments

Extras

Top Quizzes Today


Score Distribution

Your Account Isn't Verified!

In order to create a playlist on Sporcle, you need to verify the email address you used during registration. Go to your Sporcle Settings to finish the process.

Report this User

Report this user for behavior that violates our Community Guidelines.

Details: